| 000 | 01018cam a2200289 i 4500 | ||
|---|---|---|---|
| 001 | bg | ||
| 003 | KOSZ 005 | ||
| 005 | 20220125124832.0 | ||
| 008 | 970510s1992 pl a f f |000 0 pol | ||
| 015 | _aPB 1993/1913 | ||
| 040 |
_aWA N _cKOSZ 005/HR _dKOSZ 005/HR |
||
| 080 | _a532 | ||
| 080 | _a(075.8) | ||
| 100 | 1 |
_aLubczyńska, Urszula _eAutor |
|
| 245 | 1 | 0 |
_aHydraulika stosowana / _cUrszula Lubczyńska. |
| 250 | _a[Wyd. 2 popr.]. | ||
| 260 |
_aKielce : _bDział Wydawnictw PŚ, _c1992. |
||
| 300 |
_a279 s., [3] k. tabl. złoż. : _brys., wykr. ; _c24 cm. |
||
| 490 | 1 |
_aSkrypty Uczelniane Politechniki Świętokrzyskiej, _x0239-6386 ; _vnr 223. |
|
| 500 | _aWyd. 1 pt. : Hydraulika. | ||
| 504 | _aBibliogr. s. 279. | ||
| 650 | 4 | _aHydraulika | |
| 655 | 4 | _aPodręczniki akademickie | |
| 830 | 0 |
_aSkrypty Uczelniane Politechniki Świętokrzyskiej, _vnr 223. |
|
| 856 |
_uhttp://koha.tu.koszalin.pl/cgi-bin/koha/opac-detail.pl?biblionumber=6334 _yKatalog pnline BPK |
||
| 942 |
_2UKD _cKS |
||
| 999 |
_c6334 _d6334 |
||